000 00637nam a2200205Ii 4500
001 7533
003 CO-ViMGA
008 241108s9999||||xx |||||||||||||| ||und||
040 _aCO-ViMGA
_bspa
_erda
_cCO-ViMGA
041 0 _aunk
082 0 4 _a986.1803-U76
100 1 _aEzequiel Uricoechea
_954445
245 1 0 _aMemoria sobre las antiguedades neo-granadinas
264 1 _a[Lugar de publicación no identificado] : Biblioteca Banco Popular, 1971
300 _avolumen
336 _atext
_btxt
_2rdacontent
337 _aunmediated
_bn
_2rdamedia
338 _avolume
_bnc
_2rdacarrier
940 _aidficha_siabuc: 7360. -- ficha_no_siabuc:7533
999 _c51439
_d51439